| 000 | 00516nam a22002057a 4500 | ||
|---|---|---|---|
| 003 | BD-DhUIB | ||
| 005 | 20260202151459.0 | ||
| 008 | 260202b |||||||| |||| 00| 0 eng d | ||
| 020 | _a9789366601601 | ||
| 040 |
_aBD-DhUIB _cBD-DhUIB |
||
| 050 | _a338.5 | ||
| 082 | _222 | ||
| 100 |
_aMankiw N. Gregory. _92 |
||
| 245 |
_aPrinciples of microeconomics. _cby N. Gregory Mankiw. |
||
| 250 | _a10th ed. | ||
| 260 |
_aNew Delhi. _bCengage. |
||
| 300 |
_axxi,,530p.: _billus; _c24cm. |
||
| 526 | _aBBA | ||
| 942 |
_2ddc _cBK |
||
| 999 |
_c692 _d692 |
||